000 00626nam a2200253 a 4500
001 nice12345678
003 IN_TiNIC
005 20260116013950.0
008 050524s1991 dela grp 000 0 eng
020 _a8170307
_c300
082 0 0 _a294.38
_bSRI
245 _aTwenty Five Suttas from Majjhimapannasa
260 _aDelhi
_bSri Satguru
_c1991
300 _a291p
500 _aincludes index and biblioraphy
505 2 _aIndex
650 _aBuddhism-Sources
650 _aSuttas-Buddhism
650 _aMajjhimapannasa
710 2 _aSri Satguru Pub
902 _bSRS
942 _cBK
999 _c13294
_d13294